|
|
|
|
| LEADER |
00000cam a2200000 7i4500 |
| 001 |
0000009387 |
| 005 |
20161018.0 |
| 020 |
|
|
|a 0205316557
|
| 040 |
|
|
|a INS
|
| 090 |
0 |
0 |
|a HA32
|b G458 2000
|
| 100 |
0 |
|
|a George, Darren
|
| 245 |
0 |
0 |
|a SPSS for Windows step by step :
|b a simple guide and reference 9.0 update
|c by Daren George and Paul Mallery
|
| 250 |
|
|
|a 2nd ed.
|
| 260 |
|
|
|a Boston :
|b Allyn and Bacon ,
|c 2000
|
| 300 |
|
|
|a 357p :
|b ill. ;
|c 28cm.
|e 1 computer disk (3 1/2 in)
|
| 650 |
0 |
0 |
|a Social Sciences
|x Statistical method
|x Computers Program
|
| 650 |
0 |
0 |
|a SPSS for Windows (Computer Programs)
|
| 700 |
1 |
|
|a Mallery, Paul
|
| 999 |
|
|
|a 0000023882
|b BOOK
|c Open Shelf
|e Default branch
|